<?xml version="1.0" encoding="UTF-8"?>
<record
    xmlns:xsi="http://www.w3.org/2001/XMLSchema-instance"
    xsi:schemaLocation="http://www.loc.gov/MARC21/slim http://www.loc.gov/standards/marcxml/schema/MARC21slim.xsd"
    xmlns="http://www.loc.gov/MARC21/slim">

  <leader>01084nam a22001577a 4500</leader>
  <datafield tag="999" ind1=" " ind2=" ">
    <subfield code="c">26480</subfield>
    <subfield code="d">26480</subfield>
  </datafield>
  <datafield tag="020" ind1=" " ind2=" ">
    <subfield code="a">9780190120993</subfield>
  </datafield>
  <datafield tag="082" ind1=" " ind2=" ">
    <subfield code="a">340.1</subfield>
    <subfield code="b">RET-</subfield>
  </datafield>
  <datafield tag="245" ind1=" " ind2=" ">
    <subfield code="a">Rethinking Law and Violence</subfield>
  </datafield>
  <datafield tag="260" ind1=" " ind2=" ">
    <subfield code="a">New Delhi </subfield>
    <subfield code="b">Oxford University Press</subfield>
    <subfield code="c">2020</subfield>
  </datafield>
  <datafield tag="300" ind1=" " ind2=" ">
    <subfield code="a">xxxvi,398p.</subfield>
  </datafield>
  <datafield tag="520" ind1=" " ind2=" ">
    <subfield code="a">Conceptualized outside the theoretical framing of both liberal as well as critical approaches, this book re-imagines the law by exploring the contradictions and polarities of in terms of its relationship with violence. It encompasses and interweaves themes and ideas as diverse as death penalty, community might, state sovereignty on the one hand, to animal rights, sexual consent, children's agency and LGBT rights, on the other. While acknowledging that law is fundamentally and inherently tied to violence, the objective of this eclectic collection is to respond to and engage with the violence of law by exploring alternate ways of conceptualizing, reading, practising, and making the law</subfield>
  </datafield>
  <datafield tag="650" ind1=" " ind2=" ">
    <subfield code="a">Law</subfield>
    <subfield code="v">Violence</subfield>
    <subfield code="v">Philosophy</subfield>
  </datafield>
  <datafield tag="700" ind1=" " ind2=" ">
    <subfield code="a">Vashist, Latika</subfield>
  </datafield>
  <datafield tag="700" ind1=" " ind2=" ">
    <subfield code="a">Sood, Jyoti Dogra</subfield>
  </datafield>
  <datafield tag="942" ind1=" " ind2=" ">
    <subfield code="2">ddc</subfield>
    <subfield code="c">BK</subfield>
  </datafield>
  <datafield tag="952" ind1=" " ind2=" ">
    <subfield code="0">0</subfield>
    <subfield code="1">0</subfield>
    <subfield code="4">0</subfield>
    <subfield code="7">0</subfield>
    <subfield code="a">NASSDOC</subfield>
    <subfield code="b">NASSDOC</subfield>
    <subfield code="d">2021-02-04</subfield>
    <subfield code="e">Overseas Press India Private Limited</subfield>
    <subfield code="g">1237.35</subfield>
    <subfield code="i">2021-01-27</subfield>
    <subfield code="l">0</subfield>
    <subfield code="o">340.1 RET-</subfield>
    <subfield code="p">51205</subfield>
    <subfield code="r">2021-02-12 00:00:00</subfield>
    <subfield code="v">1695.00</subfield>
    <subfield code="w">2021-02-12</subfield>
    <subfield code="y">BK</subfield>
  </datafield>
</record>
